[Event "46th Bosna it"]
[Site "Sarajevo BIH"]
[Date "2016.05.29"]
[Round "3.21"]
[White "Vea, Odin Blikra"]
[Black "Petrovic, Marija"]
[Result "0-1"]
[WhiteElo "2288"]
[BlackElo "2055"]
[EventDate "2016.05.28"]
[PlyCount "64"]

1.e4 e5 2.Nf3 Qe7 3.Nc3 c6 4.d4 d6 5.Be2 h6 6.Be3 Nf6 7.h3 Qc7 8.Qd2 Be7 
9.g4 Nbd7 10.Nh4 g6 11.dxe5 dxe5 12.O-O-O Nc5 13.f3 Be6 14.Kb1 b5 15.a3 a5
16.Bxb5 cxb5 17.Nxb5 Qc6 18.Nd6+ Bxd6 19.Qxd6 Qxd6 20.Rxd6 Nfd7 21.Rc6 Nb7
22.Rc7 Nd6 23.Rd1 Nb5 24.Rb7 Nd4 25.c3 Nc6 26.Rd6 O-O-O 27.Rb6 Ncb8 28.Rb5
Kc7 29.Rd2 Nc6 30.b3 Rb8 31.a4 Bxb3 32.Rb2 Be6 0-1

[Event "46th Bosna it"]
[Site "Sarajevo BIH"]
[Date "2016.05.29"]
[Round "3.22"]
[White "Markovic, Dino"]
[Black "Plenca, Jadranko"]
[Result "0-1"]
[WhiteElo "2013"]
[BlackElo "2390"]
[EventDate "2016.05.28"]
[PlyCount "58"]

1.d4 d5 2.c4 dxc4 3.Nc3 Nf6 4.e3 e5 5.Bxc4 exd4 6.exd4 Bd6 7.Nge2 h6 8.Bf4
O-O 9.O-O Nc6 10.Bxd6 Qxd6 11.Qd2 Ng4 12.f4 Re8 13.Rf3 Bf5 14.h3 Nf6 15.
Bb5 Rad8 16.Rd1 a6 17.Bxc6 Qxc6 18.Re3 Rxe3 19.Qxe3 Re8 20.Qf2 Be4 21.Nxe4
Nxe4 22.Qf3 Qc2 23.Rc1 Qxb2 24.Rxc7 Qxa2 25.Rxb7 Nd2 26.Qc3 Qd5 27.Qxd2 
Qxb7 28.Ng3 Qd5 29.Qd3 a5 0-1

[Event "46th Bosna it"]
[Site "Sarajevo BIH"]
[Date "2016.05.29"]
[Round "3.23"]
[White "Pestek, Elvis"]
[Black "Burovic, Rijad"]
[Result "0-1"]
[WhiteElo "2003"]
[BlackElo "2347"]
[EventDate "2016.05.28"]
[PlyCount "74"]

1.e4 e6 2.d4 d5 3.exd5 exd5 4.Nf3 Bd6 5.Bd3 Ne7 6.O-O O-O 7.Nbd2 Ng6 8.Re1
Nf4 9.Nf1 Nxd3 10.Qxd3 f6 11.Ng3 Re8 12.Bd2 Be6 13.Qb3 Qc8 14.Bb4 Bxg3 15.
hxg3 Na6 16.Bd2 c6 17.Re2 Qd7 18.Rae1 g5 19.c3 Nc7 20.Qd1 Bg4 21.Rxe8+ 
Rxe8 22.Rxe8+ Nxe8 23.Qe1 Bxf3 24.gxf3 Kf7 25.Kg2 h5 26.b3 Qf5 27.c4 dxc4 
28.Bb4 Qe6 29.bxc4 Qxe1 30.Bxe1 Nd6 31.d5 c5 32.Bd2 Nxc4 33.Bc1 Ke7 34.Kh3
Ne5 35.f4 Nd3 36.Be3 gxf4 37.gxf4 Kd6 0-1

[Event "46th Bosna it"]
[Site "Sarajevo BIH"]
[Date "2016.05.29"]
[Round "3.24"]
[White "Bandic, Adnan"]
[Black "Jovovic, Milan"]
[Result "1-0"]
[WhiteElo "2218"]
[BlackElo "1991"]
[EventDate "2016.05.28"]
[PlyCount "79"]

1.e4 c5 2.Nf3 d6 3.c3 Nf6 4.Bc4 Nc6 5.Qe2 Bg4 6.h3 Bxf3 7.Qxf3 a6 8.Bb3 
Rc8 9.d3 g6 10.Bg5 Bg7 11.Nd2 b5 12.O-O O-O 13.Qe3 Re8 14.f4 h6 15.Bh4 Qb6
16.e5 Nh7 17.Bg3 Na5 18.Bc2 d5 19.Bf2 d4 20.Qf3 Qc6 21.cxd4 cxd4 22.Rac1 
Qd7 23.Qe4 Red8 24.Nf3 Nc6 25.Bb3 e6 26.Bh4 Re8 27.Rc2 g5 28.fxg5 Nf8 29.
gxh6 Bxh6 30.Bg5 Bg7 31.Re2 Ng6 32.Bf4 Nb4 33.Bg3 Bh6 34.Nh4 Ne7 35.Rxf7 
Rc1+ 36.Kh2 Bg7 37.Rxg7+ Kxg7 38.Qg4+ Kh8 39.Bxe6 Qb7 40.Qh5+ 1-0

[Event "46th Bosna it"]
[Site "Sarajevo BIH"]
[Date "2016.05.29"]
[Round "3.25"]
[White "Medic, Nevenko"]
[Black "Hadzovic, Amir"]
[Result "0-1"]
[WhiteElo "2000"]
[BlackElo "2218"]
[EventDate "2016.05.28"]
[PlyCount "88"]

1.d4 Nf6 2.c4 g6 3.Nc3 Bg7 4.e4 d6 5.h3 O-O 6.Nf3 c6 7.Be3 Qa5 8.Qd2 e5 9.
d5 c5 10.Bd3 a6 11.O-O Nbd7 12.a3 Nh5 13.Rfe1 Qd8 14.Bh6 Bxh6 15.Qxh6 Qf6 
16.Ne2 Qg7 17.Qxg7+ Kxg7 18.g4 Nhf6 19.Ng3 h6 20.Kg2 Ne8 21.Nd2 Ndf6 22.b4
h5 23.f3 Kh6 24.Rab1 h4 25.Ne2 Nd7 26.Nb3 b6 27.Nc3 Rb8 28.bxc5 dxc5 29.
Nd2 Nd6 30.a4 f5 31.Rb2 fxg4 32.hxg4 Rf6 33.Reb1 Rb7 34.Nb3 Nf7 35.Rh1 g5 
36.Nd1 Nf8 37.Nc1 Ng6 38.Ne2 Bd7 39.Ndc3 Nd6 40.Rbb1 Rb8 41.a5 Rbf8 42.
Rbf1 b5 43.cxb5 axb5 44.Bc2 Nc4 0-1

[Event "46th Bosna it"]
[Site "Sarajevo BIH"]
[Date "2016.05.29"]
[Round "3.26"]
[White "Hodzic, Nihad"]
[Black "Bunjo, Adnan"]
[Result "1-0"]
[WhiteElo "2215"]
[BlackElo "1982"]
[EventDate "2016.05.28"]
[PlyCount "59"]

1.d4 f5 2.g3 Nf6 3.Bg2 d5 4.Nd2 e6 5.Nh3 Bd6 6.c4 c6 7.O-O O-O 8.Nf3 Nbd7 
9.Qc2 b6 10.Bf4 Bxf4 11.Nxf4 Nb8 12.Ne5 g5 13.Nfd3 Bb7 14.Rac1 Nbd7 15.
Rfd1 Nxe5 16.Nxe5 Nd7 17.Nd3 Qf6 18.cxd5 exd5 19.e3 Rac8 20.Qa4 a6 21.
Bxd5+ Kh8 22.Bg2 b5 23.Qa3 Qh6 24.Rc2 f4 25.exf4 gxf4 26.Nxf4 Rxf4 27.gxf4
Qg6 28.Rc3 c5 29.Rg3 Qc2 30.Qd3 1-0

[Event "46th Bosna it"]
[Site "Sarajevo BIH"]
[Date "2016.05.29"]
[Round "3.27"]
[White "Haskovic, Salih"]
[Black "Musovic, Armin"]
[Result "0-1"]
[WhiteElo "1984"]
[BlackElo "2203"]
[EventDate "2016.05.28"]
[PlyCount "106"]

1.d4 Nf6 2.Nf3 d5 3.g3 g6 4.Bg2 Bg7 5.O-O O-O 6.Nbd2 c5 7.c3 Nc6 8.Nb3 c4 
9.Nbd2 b5 10.Re1 Nd7 11.e4 e6 12.Qc2 Nb6 13.b3 b4 14.Bb2 a5 15.e5 Ba6 16.
h4 Rc8 17.Bf1 Na7 18.bxc4 Bxc4 19.Bxc4 Nxc4 20.cxb4 Ne3 21.Qb3 Nc2 22.b5 
Nxa1 23.Rxa1 Re8 24.a4 Bf8 25.Kg2 Bb4 26.Qd3 Qc7 27.Rc1 Qb7 28.Rh1 f5 29.
Nf1 h5 30.Ne3 Rc7 31.Ng5 Nc8 32.Kh3 Nb6 33.Qb3 Nc4 34.Ng2 Nd2 35.Qd3 Ne4 
36.Rf1 Nxg5+ 37.hxg5 Kf7 38.Ne3 Rec8 39.Kg2 Be7 40.f4 Bb4 41.Rf2 Qb6 42.
Re2 Bc3 43.Rc2 Bxb2 44.Rxb2 Rc3 45.Qd2 Ra3 46.Nc2 Rxa4 47.Qd3 Rac4 48.Qb3 
Rc3 49.Qa4 R8c4 50.Qa2 a4 51.Ne1 Qxd4 52.Re2 h4 53.Qd2 Rxg3+ 0-1

[Event "46th Bosna it"]
[Site "Sarajevo BIH"]
[Date "2016.05.29"]
[Round "3.28"]
[White "Tica, Sven"]
[Black "Halilovic, Fahrudin"]
[Result "1-0"]
[WhiteElo "2188"]
[BlackElo "1973"]
[EventDate "2016.05.28"]
[PlyCount "65"]

1.d4 Nf6 2.c4 e6 3.g3 c6 4.Nf3 d5 5.Bg2 Nbd7 6.O-O Bd6 7.Nc3 dxc4 8.Nd2 
Nb6 9.a4 a5 10.e3 e5 11.Nde4 Nfd5 12.Nxd6+ Qxd6 13.e4 Nb4 14.dxe5 Qd3 15.
Be3 Nd7 16.Qh5 O-O 17.Rfd1 Qc2 18.Rd2 Qb3 19.Ra3 Qc2 20.Rxc2 Nxc2 21.Nb1 
Nxe3 22.Rxe3 Nc5 23.Nc3 Rb8 24.g4 Nd3 25.Bf1 Nf4 26.Qg5 Ne6 27.Qh4 b5 28.
axb5 cxb5 29.Nd5 Bb7 30.g5 Rfd8 31.Rh3 Nf8 32.Nf6+ gxf6 33.gxf6 1-0

[Event "46th Bosna it"]
[Site "Sarajevo BIH"]
[Date "2016.05.29"]
[Round "3.29"]
[White "Kamberovic, Senad"]
[Black "Cunjalo, Faris"]
[Result "1-0"]
[WhiteElo "2179"]
[BlackElo "1966"]
[EventDate "2016.05.28"]
[PlyCount "103"]

1.d4 d5 2.Nf3 Nf6 3.c4 c6 4.Nc3 dxc4 5.a4 Bf5 6.e3 Nbd7 7.Bxc4 e6 8.O-O a5
9.b3 Bb4 10.Bb2 O-O 11.Rc1 Qe7 12.Qe2 Bg6 13.Rfd1 Rfd8 14.Bd3 Bxd3 15.Rxd3
e5 16.dxe5 Ng4 17.Na2 Ngxe5 18.Nxe5 Nxe5 19.Bxe5 Qxe5 20.Nxb4 axb4 21.Rcd1
Rxd3 22.Qxd3 g6 23.g3 Qe6 24.h4 h5 25.Qc2 c5 26.Qxc5 Qxb3 27.Rd4 Qxa4 28.
Qxb4 Qxb4 29.Rxb4 Ra7 30.Rb6 Kg7 31.Kg2 Kf8 32.Kf3 Kg7 33.Kf4 Ra4+ 34.e4 
Ra7 35.f3 Kg8 36.g4 hxg4 37.Kxg4 Kg7 38.h5 gxh5+ 39.Kxh5 Ra5+ 40.Kg4 Ra7 
41.f4 Ra4 42.e5 Ra7 43.Kg5 Ra5 44.Rxb7 Rc5 45.Kg4 Rc6 46.f5 Kg8 47.Kg5 Ra6
48.Rd7 f6+ 49.Kg6 fxe5+ 50.f6 Ra8 51.Rg7+ Kh8 52.Rh7+ 1-0

[Event "46th Bosna it"]
[Site "Sarajevo BIH"]
[Date "2016.05.29"]
[Round "3.30"]
[White "Hadziselimovic, Bernardina"]
[Black "Bucan, Eldin"]
[Result "1/2-1/2"]
[WhiteElo "1948"]
[BlackElo "2179"]
[EventDate "2016.05.28"]
[PlyCount "111"]

1.e4 d6 2.Nc3 Nf6 3.d4 g6 4.f3 c6 5.Bc4 b5 6.Bb3 Nbd7 7.a3 Bg7 8.Be3 Qc7 
9.Qd2 a6 10.Bh6 Bxh6 11.Qxh6 c5 12.Nge2 Bb7 13.O-O-O c4 14.Ba2 O-O-O 15.
Nf4 e6 16.Rhe1 Qb6 17.b4 cxb3 18.cxb3 Kb8 19.Kb2 Rc8 20.Nfe2 Rc7 21.Qd2 
Rhc8 22.Rc1 e5 23.b4 exd4 24.Qxd4 Qxd4 25.Nxd4 Ne5 26.Red1 d5 27.f4 Nxe4 
28.fxe5 Nxc3 29.Rf1 Ne4 30.Rxc7 Rxc7 31.Rc1 Nf2 32.Rxc7 Kxc7 33.Kc3 Ng4 
34.Nf3 Ne3 35.Ng5 Nxg2 36.Nxf7 Nf4 37.Kd4 Ne6+ 38.Kd3 Kd7 39.h4 Bc6 40.Nh6
Nf4+ 41.Kd4 Ke6 42.Bb1 Ne2+ 43.Kc5 Bb7 44.Ng4 h5 45.Nf2 Kxe5 46.Bxg6 Nf4 
47.Nd3+ Nxd3+ 48.Bxd3 Bc8 49.Bg6 Bg4 50.Kb6 Be2 51.Kxa6 d4 52.Be8 Kf4 53.
Kb6 Ke4 54.Kc5 Ke3 55.Bc6 Bc4 56.Be8 1/2-1/2

[Event "46th Bosna it"]
[Site "Sarajevo BIH"]
[Date "2016.05.29"]
[Round "3.31"]
[White "Terzic, Ilijas"]
[Black "Lakovic, Igor"]
[Result "1/2-1/2"]
[WhiteElo "2165"]
[BlackElo "1944"]
[EventDate "2016.05.28"]
[PlyCount "21"]

1.d4 Nf6 2.c4 e6 3.Nf3 b6 4.a3 Ba6 5.Qc2 Bb7 6.Nc3 c5 7.dxc5 bxc5 8.Bg5 
Be7 9.e3 O-O 10.Be2 d6 11.O-O 1/2-1/2

[Event "46th Bosna it"]
[Site "Sarajevo BIH"]
[Date "2016.05.29"]
[Round "3.32"]
[White "Selimovic, Amir"]
[Black "Michalicka, Milan"]
[Result "0-1"]
[WhiteElo "1944"]
[BlackElo "2164"]
[EventDate "2016.05.28"]
[PlyCount "54"]

1.e4 c5 2.Nc3 g6 3.f4 Bg7 4.Nf3 Nc6 5.Bb5 Nd4 6.O-O a6 7.Bd3 d6 8.Nxd4 
cxd4 9.Ne2 Nf6 10.b3 Nd7 11.Qe1 Nc5 12.Qf2 O-O 13.Nxd4 e5 14.fxe5 dxe5 15.
Nf3 Nxd3 16.cxd3 Qxd3 17.Ba3 Re8 18.Nxe5 Rxe5 19.Qxf7+ Kh8 20.Bf8 Qd4+ 21.
Kh1 Rxe4 22.d3 Re2 23.Rae1 Bg4 24.Bxg7+ Qxg7 25.Rxe2 Bxe2 26.Qxg7+ Kxg7 
27.Re1 Rf8 0-1

[Event "46th Bosna it"]
[Site "Sarajevo BIH"]
[Date "2016.05.29"]
[Round "3.33"]
[White "Maksimovic, Bojan"]
[Black "Cabric, Izet"]
[Result "1-0"]
[WhiteElo "2161"]
[BlackElo "1930"]
[EventDate "2016.05.28"]
[PlyCount "81"]

1.e4 d6 2.d4 Nf6 3.Nc3 g6 4.f4 Bg7 5.Nf3 O-O 6.Bd3 Nc6 7.O-O Nb4 8.Be2 c6 
9.a3 Na6 10.e5 Nd5 11.Nxd5 cxd5 12.Kh1 Nc7 13.Be3 a6 14.Bd3 dxe5 15.fxe5 
f6 16.Qd2 Bg4 17.exf6 exf6 18.h3 Bxf3 19.Rxf3 Ne6 20.Raf1 Qe7 21.c3 Rae8 
22.g3 Ng5 23.Bxg5 fxg5 24.Rxf8+ Rxf8 25.Rxf8+ Bxf8 26.Kg2 Kf7 27.Be2 b5 
28.Bf3 Ke6 29.a4 Kd6 30.axb5 axb5 31.b3 Bh6 32.Qa2 Qc7 33.Qa3+ Kd7 34.Qa8 
Qxc3 35.Qxd5+ Kc7 36.Kh2 g4 37.hxg4 Be3 38.Qe5+ Kb6 39.b4 Bxd4 40.Qb8+ Ka6
41.Qb7# 1-0

[Event "46th Bosna it"]
[Site "Sarajevo BIH"]
[Date "2016.05.29"]
[Round "3.34"]
[White "Colpa, Husein"]
[Black "Sinanovic, Ermin"]
[Result "0-1"]
[WhiteElo "1926"]
[BlackElo "2153"]
[EventDate "2016.05.28"]
[PlyCount "74"]

1.Nf3 Nf6 2.c4 e6 3.d4 d5 4.e3 Be7 5.Bd3 O-O 6.Nc3 b6 7.a3 dxc4 8.Bxc4 Bb7
9.b4 Nbd7 10.Bb2 c5 11.dxc5 bxc5 12.b5 Qc7 13.O-O Rfd8 14.Qe2 Bd6 15.h3 
Rac8 16.Rfd1 Nb6 17.Bd3 Qe7 18.a4 c4 19.Bc2 Nbd5 20.Nxd5 Nxd5 21.Bd4 e5 
22.Bb2 c3 23.Bc1 e4 24.Nd4 Qe5 25.g3 h5 26.Kg2 h4 27.Qg4 hxg3 28.fxg3 Bc5 
29.h4 Nxe3+ 30.Bxe3 Bxd4 31.Qe2 Bxe3 32.Qxe3 Rd3 33.Bxd3 exd3+ 34.Kf2 Qf5+
35.Qf4 Qd5 36.g4 Re8 37.Qg3 Re2+ 0-1

[Event "46th Bosna it"]
[Site "Sarajevo BIH"]
[Date "2016.05.29"]
[Round "3.35"]
[White "Vujicic, Dragisa"]
[Black "Schettler, Juergen"]
[Result "1/2-1/2"]
[WhiteElo "1896"]
[BlackElo "2139"]
[EventDate "2016.05.28"]
[PlyCount "64"]

1.e4 e6 2.d4 d5 3.e5 c5 4.c3 Nc6 5.Nf3 Qb6 6.Be2 cxd4 7.cxd4 Nge7 8.Nc3 
Nf5 9.Na4 Bb4+ 10.Bd2 Qa5 11.Bc3 Bd7 12.a3 Bxc3+ 13.Nxc3 Qd8 14.O-O h5 15.
b4 Rc8 16.Rc1 g5 17.b5 Na5 18.Bd3 g4 19.Bxf5 gxf3 20.Bb1 fxg2 21.Kxg2 Nc4 
22.a4 Qh4 23.Qd3 Rg8+ 24.Kh1 a6 25.Rg1 Ke7 26.Rxg8 Rxg8 27.Rg1 Rxg1+ 28.
Kxg1 axb5 29.axb5 Qf4 30.Qg3 Qc1+ 31.Kg2 Nd2 32.Qg5+ Kf8 1/2-1/2

[Event "46th Bosna it"]
[Site "Sarajevo BIH"]
[Date "2016.05.29"]
[Round "3.36"]
[White "Zildzic, Kenan"]
[Black "Nestorovic, Katarina"]
[Result "1-0"]
[WhiteElo "2135"]
[BlackElo "1849"]
[EventDate "2016.05.28"]
[PlyCount "89"]

1.e4 c5 2.Nc3 e6 3.g3 Nc6 4.Bg2 Nge7 5.Nge2 d5 6.exd5 Nxd5 7.Nxd5 exd5 8.
Nf4 Qe7+ 9.Kf1 d4 10.d3 Qd8 11.Qe2+ Be7 12.Nd5 Be6 13.Nf4 Bd7 14.Nd5 Be6 
15.Nxe7 Qxe7 16.Bd2 O-O 17.Re1 Rfe8 18.Qh5 g6 19.Qh6 Qd7 20.Qg5 f5 21.f3 
b5 22.Kf2 c4 23.h4 cxd3 24.h5 Qg7 25.f4 Rac8 26.cxd3 Nd8 27.hxg6 hxg6 28.
Rc1 Nf7 29.Qh4 Bxa2 30.Bc6 Rxc6 31.Rxc6 Bd5 32.Rc7 Bxh1 33.Qxh1 Qf6 34.Qd5
Qe6 35.Qxe6 Rxe6 36.Rd7 Rc6 37.Rxd4 Rc2 38.Ke3 Rxb2 39.Rd7 Ra2 40.Rb7 a6 
41.Bc3 Ra3 42.Bd4 Nh6 43.Rg7+ Kf8 44.Rxg6 Ng4+ 45.Rxg4 1-0

[Event "46th Bosna it"]
[Site "Sarajevo BIH"]
[Date "2016.05.29"]
[Round "3.37"]
[White "Sajin, Mladen"]
[Black "Kolaric, Spela"]
[Result "0-1"]
[WhiteElo "1892"]
[BlackElo "2116"]
[EventDate "2016.05.28"]
[PlyCount "94"]

1.e4 c5 2.Nc3 e6 3.Bc4 a6 4.a4 Qc7 5.d3 Nf6 6.Nge2 d6 7.O-O Nc6 8.h3 Be7 
9.Ng3 h5 10.Re1 h4 11.Nge2 Bd7 12.Bg5 O-O-O 13.Qd2 Rh5 14.Be3 Rg8 15.f4 g6
16.d4 d5 17.e5 cxd4 18.Nxd4 dxc4 19.Ndb5 axb5 20.axb5 Nb8 21.exf6 Bxf6 22.
Ne4 Rd5 23.Qb4 Bg7 24.Ra8 Bf8 25.Qc3 Bg7 26.Qa3 Bf8 27.Qa2 Bc5 28.Bxc5 
Rxc5 29.Qa7 Rxb5 30.Rd1 Qb6+ 31.Qxb6 Rxb6 32.Nf6 Rd8 33.Rxd7 Rxd7 34.Rxb8+
Kxb8 35.Nxd7+ Kc7 36.Nxb6 Kxb6 37.Kf2 Kc5 38.Kf3 Kd4 39.Kg4 Ke4 40.Kg5 b6 
41.b3 c3 42.b4 b5 43.Kxh4 Kxf4 44.g3+ Kf3 45.g4 Kf4 46.g5 Kf5 47.Kg3 Kxg5 
0-1

[Event "46th Bosna it"]
[Site "Sarajevo BIH"]
[Date "2016.05.29"]
[Round "3.38"]
[White "Stanivukovic, Drago"]
[Black "Alihodzic, Muzafer"]
[Result "0-1"]
[WhiteElo "1890"]
[BlackElo "2094"]
[EventDate "2016.05.28"]
[PlyCount "100"]

1.e4 c6 2.Nc3 d5 3.exd5 cxd5 4.d4 a6 5.Nf3 Nc6 6.a3 Nf6 7.h3 g6 8.Be2 Bg7 
9.O-O O-O 10.Ne5 Ne4 11.Nxe4 dxe4 12.Nxc6 bxc6 13.c3 Be6 14.Qc2 f5 15.Bf4 
Qb6 16.b4 a5 17.Rfb1 h6 18.h4 Kh7 19.Qd2 Rfd8 20.Be3 a4 21.Qe1 Qc7 22.g3 
Bb3 23.Rb2 e5 24.dxe5 Bxe5 25.Rc1 Qg7 26.Rd2 g5 27.hxg5 hxg5 28.Bb6 Rh8 
29.Rcd1 Bxc3 30.Rd7 Bxe1 31.Rxg7+ Kxg7 32.Rxe1 Rh6 33.Bf1 Rd6 34.Be3 Kg6 
35.Rc1 Rad8 36.Be2 Rf6 37.Bb6 Rd2 38.Kf1 f4 39.Ke1 Rc2 40.Rb1 Rd6 41.gxf4 
gxf4 42.Bc7 Rdd2 43.Bd1 Rb2 44.Rxb2 Rxb2 45.Bg4 Kg5 46.Bd7 Bd5 47.Bd8+ Kg6
48.Bc7 e3 49.fxe3 fxe3 50.Bf4 Bf3 0-1

[Event "46th Bosna it"]
[Site "Sarajevo BIH"]
[Date "2016.05.29"]
[Round "3.39"]
[White "Draganovic, Sulejman"]
[Black "Sejmenovic, Senad"]
[Result "1/2-1/2"]
[WhiteElo "2082"]
[BlackElo "1802"]
[EventDate "2016.05.28"]
[PlyCount "84"]

1.d4 d5 2.c4 e6 3.Nf3 c5 4.e3 Nf6 5.Nc3 Nc6 6.Be2 a6 7.O-O cxd4 8.exd4 Be7
9.b3 b6 10.Bb2 O-O 11.Rc1 Bb7 12.cxd5 Nxd5 13.Nxd5 Qxd5 14.Bc4 Qh5 15.Ne5 
Qxd1 16.Rfxd1 Nxe5 17.dxe5 Rfd8 18.Bf1 Bc5 19.a3 a5 20.Bc4 g6 21.Kf1 Kf8 
22.a4 Ke7 23.Bc3 Bd5 24.Bxd5 exd5 25.Rd3 d4 26.Be1 Rd5 27.f4 Ke6 28.Ke2 f6
29.exf6 Kxf6 30.Kf3 Re8 31.Bf2 g5 32.g3 gxf4 33.gxf4 Kf5 34.Rg1 h6 35.h3 
Re4 36.Rg4 Be7 37.Bg3 Rc5 38.Rg7 Bf6 39.Rf7 Re6 40.Rxd4 Rc3+ 41.Kg2 Re2+ 
42.Kf1 Rb2 1/2-1/2

[Event "46th Bosna it"]
[Site "Sarajevo BIH"]
[Date "2016.05.29"]
[Round "3.40"]
[White "Colpa, Fahrudin"]
[Black "Banduka, Zeljko"]
[Result "1/2-1/2"]
[WhiteElo "1864"]
[BlackElo "2081"]
[EventDate "2016.05.28"]
[PlyCount "87"]

1.e4 c5 2.c3 g6 3.d4 cxd4 4.cxd4 d5 5.e5 Nc6 6.f4 Qb6 7.Ne2 Bg4 8.Nbc3 e6 
9.Qa4 Ne7 10.Nb5 Nf5 11.h3 Bb4+ 12.Kf2 Bxe2 13.Bxe2 O-O 14.g4 a6 15.gxf5 
axb5 16.Qd1 Qxd4+ 17.Qxd4 Nxd4 18.fxg6 fxg6 19.a3 Nxe2 20.Kxe2 Be7 21.h4 
h5 22.Be3 Rfc8 23.Kd3 Kf7 24.Bd4 Ra4 25.Rac1 Rac4 26.Rcg1 Rxd4+ 27.Kxd4 
Bc5+ 28.Kd3 Bxg1 29.Rxg1 Rc4 30.Rf1 b4 31.a4 b6 32.Ke3 Rc2 33.Rf2 Rc4 34.
Rd2 Ke7 35.Rd4 Rxd4 36.Kxd4 Kd7 37.Kd3 Kc6 38.Kd4 Kb7 39.Ke3 Ka6 40.Kd4 
Ka5 41.b3 b5 42.axb5 Kxb5 43.Ke3 Kc5 44.Kd3 1/2-1/2

[Event "46th Bosna it"]
[Site "Sarajevo BIH"]
[Date "2016.05.29"]
[Round "3.41"]
[White "Marn, Jan"]
[Black "Bucevac, Ljubisa"]
[Result "0-1"]
[WhiteElo "1831"]
[BlackElo "2080"]
[EventDate "2016.05.28"]
[PlyCount "42"]

1.e4 Nc6 2.d4 e5 3.d5 Nce7 4.Nf3 Ng6 5.c4 Nf6 6.Bd3 Bb4+ 7.Bd2 a5 8.Nc3 
O-O 9.a3 Bxc3 10.Bxc3 d6 11.b4 Nf4 12.O-O axb4 13.axb4 Rxa1 14.Bxa1 Bg4 
15.Bb1 Qd7 16.Qb3 Nxg2 17.Nxe5 dxe5 18.Kxg2 Nh5 19.Bxe5 f6 20.Bb2 Bh3+ 21.
Kg1 Qg4+ 0-1

[Event "46th Bosna it"]
[Site "Sarajevo BIH"]
[Date "2016.05.29"]
[Round "3.42"]
[White "Janjic, Nikola"]
[Black "Sesar, Ivan"]
[Result "1-0"]
[WhiteElo "1827"]
[BlackElo "2077"]
[EventDate "2016.05.28"]
[PlyCount "109"]

1.c4 Nf6 2.Nc3 e6 3.g3 b6 4.Bg2 Nc6 5.e3 Bb7 6.Nge2 Be7 7.d4 d5 8.cxd5 Nb4
9.O-O Nbxd5 10.Nxd5 Bxd5 11.Nf4 Bxg2 12.Kxg2 O-O 13.b3 Qd7 14.Bb2 Rfd8 15.
Rc1 Rac8 16.Qf3 Bd6 17.e4 Bxf4 18.Qxf4 Qd6 19.Qxd6 cxd6 20.f3 d5 21.e5 Nd7
22.Ba3 Nb8 23.Bd6 Nc6 24.Rfd1 f5 25.Rc3 a6 26.Rdc1 Na7 27.Bc7 Nb5 28.a4 
Nxc3 29.Bxd8 Rxd8 30.Rxc3 Rb8 31.Rc7 a5 32.Re7 b5 33.axb5 Rxb5 34.Rxe6 
Rxb3 35.Rd6 Rb5 36.Kf2 a4 37.Ra6 Rb4 38.Ke3 g5 39.h4 Rb3+ 40.Ke2 a3 41.
hxg5 Rb2+ 42.Ke3 a2 43.Kf4 Rf2 44.Kxf5 Rxf3+ 45.Ke6 Rf2 46.Kxd5 Rb2 47.Ra7
Kf8 48.Ke6 Rb6+ 49.Kf5 Rb2 50.d5 Ke8 51.Ke6 Kf8 52.d6 h5 53.gxh6 Kg8 54.d7
Rd2 55.Rxa2 1-0

[Event "46th Bosna it"]
[Site "Sarajevo BIH"]
[Date "2016.05.29"]
[Round "3.43"]
[White "Strinic, Halid"]
[Black "Yavic, Adnan"]
[Result "1-0"]
[WhiteElo "2073"]
[BlackElo "1696"]
[EventDate "2016.05.28"]
[PlyCount "66"]

1.e4 e6 2.d4 d5 3.Nc3 Bb4 4.e5 c5 5.a3 Bxc3+ 6.bxc3 Nc6 7.Qg4 Nge7 8.Nf3 
Nf5 9.Bd3 Nce7 10.O-O Bd7 11.Bg5 g6 12.Bf6 Rg8 13.Rab1 Qc7 14.dxc5 h6 15.
Qb4 Bc6 16.Nd4 Rb8 17.Nb5 Bxb5 18.Bxb5+ Nc6 19.Qa4 Kd7 20.Qxa7 Rgc8 21.Rb4
Ke8 22.Rfb1 Kf8 23.Bxc6 Qxc6 24.Rxb7 Rxb7 25.Rxb7 Qe8 26.g4 Ng7 27.Rc7 
Rxc7 28.Qxc7 Qa4 29.Qd8+ Ne8 30.h3 Kg8 31.Qe7 g5 32.Kg2 Qb5 33.Kg1 Qa4 1-0

[Event "46th Bosna it"]
[Site "Sarajevo BIH"]
[Date "2016.05.29"]
[Round "3.44"]
[White "Kozarcanin, Sead"]
[Black "Strinic, Hamdija"]
[Result "1/2-1/2"]
[WhiteElo "2053"]
[BlackElo "1689"]
[EventDate "2016.05.28"]
[PlyCount "94"]

1.Nf3 Nf6 2.d3 d5 3.Bg5 e6 4.Nbd2 Be7 5.e4 c5 6.Qe2 O-O 7.g3 h6 8.Bxf6 
Bxf6 9.e5 Be7 10.Bg2 Nc6 11.O-O b5 12.c3 a5 13.d4 Ba6 14.Qe3 Qb6 15.Rfc1 
Rfc8 16.h4 Ra7 17.Nb3 c4 18.Nbd2 b4 19.Rab1 Qc7 20.Bf1 a4 21.Be2 Rb8 22.
Bd1 Qa5 23.cxb4 Nxb4 24.Qc3 Bb5 25.a3 Nd3 26.Rc2 Qa6 27.Be2 Bd8 28.Bxd3 
Ba5 29.Bh7+ Kxh7 30.Qe3 Rab7 31.g4 Be8 32.Qe1 Rb5 33.g5 h5 34.g6+ fxg6 35.
Ng5+ Kg8 36.Kg2 R8b6 37.Qe3 Qb7 38.Qh3 Qe7 39.Nf1 Bd7 40.Qe3 c3 41.Qd3 Qe8
42.Ng3 Rxb2 43.Rcxb2 Rxb2 44.Rxb2 cxb2 45.Qb1 Bd8 46.Qxb2 Bxg5 47.hxg5 Bb5
1/2-1/2

[Event "46th Bosna it"]
[Site "Sarajevo BIH"]
[Date "2016.05.29"]
[Round "3.45"]
[White "Markovic, Rade A"]
[Black "Sitnic, Adnan"]
[Result "0-1"]
[WhiteElo "1730"]
[BlackElo "2046"]
[EventDate "2016.05.28"]
[PlyCount "92"]

1.e4 Nc6 2.d4 e5 3.d5 Nce7 4.Nf3 Ng6 5.c4 Bc5 6.Nc3 Nf6 7.Bd3 d6 8.h3 a6 
9.O-O Nh5 10.Ne2 Nh4 11.Nh2 g5 12.Be3 Nf4 13.g3 Bxh3 14.Bxc5 dxc5 15.Nxf4 
gxf4 16.Qh5 Rg8 17.Qxe5+ Qe7 18.Qxf4 Bxf1 19.Bxf1 O-O-O 20.Re1 Ng6 21.Qe3 
Kb8 22.Nf3 h5 23.Qg5 Qxg5 24.Nxg5 Ne5 25.f4 Rxg5 26.fxg5 Nf3+ 27.Kf2 Nxe1 
28.Kxe1 Rg8 29.Be2 Rxg5 30.Kf2 Kc8 31.Kf3 Kd7 32.Kf4 f6 33.Bf1 Rg4+ 34.Kf3
Kd6 35.Bh3 Rg8 36.Kf4 Rh8 37.Kf5 h4 38.g4 Ke7 39.e5 fxe5 40.Kxe5 Rf8 41.
Ke4 Rf2 42.g5 Rxb2 43.Kf3 Rxa2 44.Kg4 Kf7 45.Kxh4 b5 46.cxb5 axb5 0-1

[Event "46th Bosna it"]
[Site "Sarajevo BIH"]
[Date "2016.05.29"]
[Round "3.51"]
[White "Bryn, Askild"]
[Black "Nikolovska, Dragana"]
[Result "1-0"]
[WhiteElo "1993"]
[BlackElo "1875"]
[EventDate "2016.05.28"]
[PlyCount "61"]

1.e4 c5 2.Nc3 Nc6 3.f4 g6 4.Nf3 Bg7 5.Bb5 Nd4 6.Bd3 e6 7.Nxd4 cxd4 8.Nb5 
d6 9.O-O a6 10.Na3 Ne7 11.c3 O-O 12.Nc2 Nc6 13.c4 Bd7 14.Be2 Rc8 15.d3 Ne7
16.Bf3 Qc7 17.b3 b5 18.Ba3 a5 19.Rc1 b4 20.Bb2 Qb6 21.Qe1 Nc6 22.Qg3 a4 
23.Rce1 axb3 24.axb3 Na5 25.Na1 e5 26.Bc1 f5 27.h4 Qd8 28.h5 Qf6 29.fxe5 
dxe5 30.exf5 gxf5 31.h6 1-0

[Event "46th Bosna it"]
[Site "Sarajevo BIH"]
[Date "2016.05.29"]
[Round "3.52"]
[White "Hamzic, Adil"]
[Black "Oputic, Mirsad"]
[Result "0-1"]
[WhiteElo "1780"]
[BlackElo "1894"]
[EventDate "2016.05.28"]
[PlyCount "112"]

1.e4 c5 2.Nf3 Nc6 3.d4 cxd4 4.Nxd4 e5 5.Nb5 d6 6.N1c3 a6 7.Na3 Nf6 8.Bg5 
Be6 9.Bxf6 Qxf6 10.Nd5 Qd8 11.c3 b5 12.Be2 Be7 13.O-O O-O 14.Nc2 f5 15.
exf5 Bxf5 16.Nce3 Be6 17.Bf3 Ra7 18.Qc2 Bg5 19.Be4 g6 20.Rad1 Raf7 21.f3 
Ne7 22.Nxe7+ Qxe7 23.Nd5 Qa7+ 24.Kh1 Kg7 25.Nb4 Rd7 26.Qe2 Qb6 27.Bc6 Rdd8
28.Bd5 Bd7 29.Be4 a5 30.Nd5 Qb8 31.a3 Be6 32.Qf2 Bf4 33.Nxf4 Rxf4 34.Qd2 
Bc4 35.Bd3 Rf6 36.Bxc4 bxc4 37.Qe2 Qc7 38.Rd5 Rb8 39.Rfd1 Re8 40.Qd2 Ree6 
41.h3 Qb6 42.Qe2 Rf4 43.g3 Rff6 44.R5d2 Qc6 45.Rd5 Qb6 46.R1d2 Qc6 47.Qg2 
Re7 48.Qe2 Rff7 49.Kg2 h5 50.Qe4 Qc7 51.f4 exf4 52.Qd4+ Kg8 53.Kf3 Kh7 54.
h4 Re5 55.Rxe5 dxe5 56.Qe4 Re7 0-1

[Event "46th Bosna it"]
[Site "Sarajevo BIH"]
[Date "2016.05.29"]
[Round "3.54"]
[White "Dedic, Nedzad"]
[Black "Sabanagic, Mirza"]
[Result "1-0"]
[WhiteElo "1977"]
[BlackElo "1612"]
[EventDate "2016.05.28"]
[PlyCount "37"]

1.e4 e5 2.Bc4 Nf6 3.Nc3 Bc5 4.d3 h6 5.h3 d6 6.Qf3 O-O 7.g4 Ne8 8.Nge2 Be6 
9.Ng3 Bxc4 10.dxc4 c6 11.h4 Bb4 12.g5 Bxc3+ 13.bxc3 h5 14.Nxh5 g6 15.Nf6+ 
Nxf6 16.gxf6 Nd7 17.Bg5 Re8 18.h5 gxh5 19.Qxh5 1-0

[Event "46th Bosna it"]
[Site "Sarajevo BIH"]
[Date "2016.05.29"]
[Round "3.55"]
[White "Sabic, Muris"]
[Black "Maric, Vedran"]
[Result "1-0"]
[WhiteElo "1971"]
[BlackElo "1588"]
[EventDate "2016.05.28"]
[PlyCount "45"]

1.e4 c5 2.Nf3 d6 3.d4 cxd4 4.Nxd4 Nf6 5.Nc3 a6 6.h3 e5 7.Nde2 Be7 8.g4 Be6
9.Bg2 O-O 10.O-O Nc6 11.Ng3 Rc8 12.Nf5 b5 13.g5 Ne8 14.Nxe7+ Qxe7 15.Nd5 
Bxd5 16.exd5 Nb8 17.c3 f5 18.a4 f4 19.Qg4 Nc7 20.Be4 Nd7 21.axb5 axb5 22.
Ra7 Nc5 23.Bxh7+ 1-0

[Event "46th Bosna it"]
[Site "Sarajevo BIH"]
[Date "2016.05.29"]
[Round "3.56"]
[White "Kocanovic, Armin"]
[Black "Urh, Zala"]
[Result "0-1"]
[WhiteElo "1592"]
[BlackElo "1860"]
[EventDate "2016.05.28"]
[PlyCount "36"]

1.d4 Nf6 2.c4 e6 3.Nc3 Bb4 4.e3 b6 5.Nf3 Bb7 6.Be2 O-O 7.a3 Bxc3+ 8.bxc3 
Ne4 9.Qc2 f5 10.O-O d6 11.Rd1 Nd7 12.Bd3 Ndf6 13.h3 h6 14.Nh2 Qe8 15.Bf1 
Qg6 16.Bb2 Ng5 17.g3 Qh5 18.Qe2 Nxh3+ 0-1